000 00838nam a22002537a 4500
001 BR6010420
003 BR-BrBNA
005 20230928083321.0
007 ta
008 230509b bl.||||| |||| 00| 0 por d
040 _aBR-BrBNA
_bpor
_cBiblioteca Nacional de Agricultura
041 _a(Por)
072 _aN20; E50
_b4510
_b/G514
090 _ 4510 BR6010420
110 1 _aFundacao Jorge Duprat Figueiredo de Seguranca e Medicina do Trabalho, Sao Paulo, SP (Brasil)
_94980
245 1 _aManual do tratorista [Maquina agricola; Mecanizacao; Brasil]
260 3 _aCuiaba, MT (Brasil):
_bEmpresa de Assistencia Tecnica e Extensao Rural do Estado de Mato Grosso,
_c[nd].
300 _a28 p.
650 _aEquipamento rural
650 _aSociologia rural
650 _aTrator
909 _a202309
_bLucia
_c55
_dLucia Elande
942 _cBK
999 _c12770
_d12770